Score 0/46 Timer 07:00
1 Play Today
Episode Character % Correct
Last Son of Krypton: Part 1Superman
96.7%
Last Son of Krypton: Part 1Jor-El
94%
Last Son of Krypton: Part 2Lois Lane
92.9%
Last Son of Krypton: Part 2Martha Kent
91.1%
Last Son of Krypton: Part 1Brainiac
88.8%
Last Son of Krypton: Part 2Lex Luthor
88.4%
Last Son of Krypton: Part 2Jimmy Olsen
86.8%
Last Son of Krypton: Part 2Jonathan Kent
86.6%
Tools of the TradeDarkseid
83.6%
World's FinestBatman
83.2%
Last Son of Krypton: Part 2Lana Lang
83%
Last Son of Krypton: Part 2Perry White
83%
Little Lost Girl: Part 1Supergirl
82%
A Fish StoryAquaman
79.7%
Speed DemonsThe Flash
79.2%
Knight TimeRobin
76.7%
Last Son of Krypton: Part 1Lara
76.5%
In Brightest Day...Kyle Rayner
76.4%
Identity CrisisBizarro
75.4%
In Brightest Day...Abin Sur
75%
LivewireLivewire
67.9%
Last Son of Krypton: Part 2Metallo
67.4%
Fun and GamesToyman
65.6%
Episode Character % Correct
Feeding TimeThe Parasite
63.5%
The Main Man: Part 1Lobo
63.5%
Two's a CrowdEarl Garver
63.1%
The Hand of FateDr. Fate
61.2%
Little Piece of HomeMercy Graves
56.4%
MxyzpixilatedMr. Mxyzptlk
55.5%
Father's DayKalibak
51.7%
New Kids in TownSaturn Girl
48.8%
Apokolips... Now!: Part 1Granny Goodness
46.6%
Where There's SmokeVolcana
46.1%
Heavy MetalSteel
46%
Little Piece of HomeProfessor Emile Hamilton
43.1%
Apokolips... Now!: Part 1Orion
42.6%
New Kids in TownCosmic Boy
40%
Tools of the TradeDan Turpin
39.2%
Blast From the Past: Part 1Jax-Ur
38.2%
New Kids in TownChameleon Boy
37.7%
Fun and GamesBruno 'Ugly' Mannheim
37.4%
Last Son of Krypton: Part 3Bibbo
35%
Tools of the TradeMaggie Sawyer
34.9%
Blast From the Past: Part 1Mala
31.2%
TargetLuminus
26.1%
Last Son of Krypton: Part 2Angela Chen
21%

You're not logged in!

Compare scores with friends on all Sporcle quizzes.
OR
Log In

Sporcle TV

Today on Sporcle TV


Watch our educational content, quiz creation guides, and fun videos on Sporcle TV.

Show Comments

Extras

Top Quizzes Today


Score Distribution

Paid Content

Your Account Isn't Verified!

In order to create a playlist on Sporcle, you need to verify the email address you used during registration. Go to your Sporcle Settings to finish the process.

Report this User

Report this user for behavior that violates our Community Guidelines.

Details: